000 00380nam a2200145Ia 4500
008 230917s9999||||xx |||||||||||||| ||und||
040 _e236323
_aMAIN
041 _aEnglish
082 _a579 A67P
100 _aSapna
245 0 _aProduction, characterization and applications of an extracellular phytase from soil fungus
260 _c2016
300 _a232 p.
942 _cTH
999 _c126948
_d126948